| 000 | 01243nam a2200337Ic 4500 | ||
|---|---|---|---|
| 001 | 59111 | ||
| 003 | CO-BoRNBP | ||
| 005 | 20250909205020.0 | ||
| 007 | ta | ||
| 008 | 180815s2017 sp a g 000 0 spa | ||
| 020 | _a9788497542937 | ||
| 040 |
_aCO-BoRNBP _bspa _erda _cCO-BoRNBP |
||
| 041 | _aspa | ||
| 082 | 0 | 4 |
_a372.357 _bS72d |
| 100 |
_aStern, Catherine _d1894-1973 _eaut _964796 |
||
| 245 | 1 | 3 |
_aEl desarrollo sostenible a tu alcance / _cCatherine Stern ; ilustraciones de Penélope Paicheler ; traducción de Gemma Gallart Alvarez. |
| 250 | _aprimera edición | ||
| 264 | 1 |
_aBarcelona, España : _bOniro, _c2017 |
|
| 300 |
_a69 páginas : _bilustraciones a color |
||
| 336 |
_atexto _btxt _2rdacontent |
||
| 337 |
_asin mediación _bn _2rdamedia |
||
| 338 |
_avolumen _bnc _2rdacarrier |
||
| 490 | 0 | _aQuerido mundo | |
| 534 | _tLe developpement ... pettis pas | ||
| 650 | 0 | 7 |
_aCalentamiento global _xEnseñanza _xLiteratura infantil _2lemb _964797 |
| 650 | 0 | 7 |
_aConservación del medio ambiente _xEnseñanza _xLiteratura infantil _2lemb _964798 |
| 650 | 0 | 7 |
_aDesarrollo Sostenible _xEnseñanza _xLiteratura infantil _2LEMB _964799 |
| 700 |
_aGallart Álvarez, Gemma _964800 |
||
| 700 |
_aPaicheler, Pénélope _964801 |
||
| 942 |
_2ddc _cBK |
||
| 999 |
_c59111 _d59111 |
||